000 01132nam a2200253Ia 4500
999 _c40551
_d40551
001 7163
003 GE_BSU
005 20230831164726.0
008 181216s||||||||xx |||||||||||||| ||und||
020 _a9789941162701.
040 _cGE_BSU
080 _a821-133.1-31
100 _aჰიუგო,ვიქტორ.
_95798
245 _aპარიზის ღვთისმშობლის ტაძარი :
_bრომანი /
_cვიქტორ ჰიუგო ; ფრანგ.თარგმნა შალვა პაპუაშვილმა ; რედ. ლია ერისთავი.
264 _aთბილისი :
_bსაქართველოს მაცნე,
_c[?].
300 _a590 გვ. ;
_c22 სმ.
300 _bილ.
541 _h10ლ.
653 _aპარიზის ღვთისმშობლის ტაძარი
653 _aრომანი
700 _aპაპუაშვილი, შალვა
_eმთარგმნელი
_9758
700 _aერისთავი, ლია
_eრედაქტორი
_93
942 _cBK
_2udc